00629nam a2200217Ia 4500008004100000020001500041050001100056050001500067100002800082245006100110245002600171260002400197260002600221260000900247300002100256300001100277650002300288650002600311650003700337650003700374160319s9999 xx 000 0 und d a971086307X a372.62 bM539s 2002 aDecal-Mendoza, Elenita. aSining ng pagbigkas at pasulat na pakikipagtalastasan /  cElenita Decal-Menoza. aMandaluyong City :  bNational Book Store,  c1976 axiv, 118 pages : c22 cm. aFilipino language. aPhilippine languages. aPhilippine literature (Filipino) aPhilippine literature (Filipino)